| 000 | 00741nam a22002417a 4500 | ||
|---|---|---|---|
| 003 | BD-DhJNU | ||
| 005 | 20250514035824.0 | ||
| 008 | 250514b |||||||| |||| 00| 0 eng d | ||
| 020 | _a978041574093 | ||
| 020 | _a9780415740944 | ||
| 020 | _a9781315815473 | ||
| 040 |
_aBD-DhJNU _bENG _cBD-DhJNU _dBD-DhJNU |
||
| 082 |
_223 _a305.563309 VAP |
||
| 100 | _aVanhaute, Eric | ||
| 245 |
_aPeasants in world history / _cEric Vanhaute |
||
| 260 |
_aNew York : _bRoutledge Taylor & Francis Group, _c2023. |
||
| 300 |
_ax, 146p. : _bill. ; _c25 cm. |
||
| 504 | _aIncludes index | ||
| 650 |
_a Italy _xPopulation _zHistory |
||
| 650 |
_aRome _xHistory _zRepublic, 265-30 B.C |
||
| 650 |
_aRome _xHistory _zAntonines, 96-192 |
||
| 942 |
_2ddc _cBK _n0 |
||
| 999 |
_c1692 _d1692 |
||